01748nam a22002417a 4500003000900000005001700009007000300026008004100029020001800070040002700088082000700115100003500122242006200157245012700219260010100346300002900447490007400476500006500550504003200615505074900647700003601396830007401432DO-SdBNP20211215135606.0ta211203b2019 dr abc|| |||| 00| 0 spa d a9789945894684 aDO-SdBNP bspacBNPHU  42221 aLópez Belando, Adolfo José yEl poblado Taíno de Playa Grande informe arqueológico10aEl poblado Taíno de Playa Grande :binforme arquelógico /cAdolfo López Belando ; presentación Luis Scheker Ortiz. aSanto Domingo :bAcademia de Ciencias de la República Dominicana,bShelley Foundation, c2019. a299 p. :bil. ;c26 cm. 1 aPublicaciones de la Academia de Ciencias de la República Dominicana aIncluye datos biográficos del autor en la contracubierta. aBibliografía : p. 297-2990 aPresentación -- Preámbulo -- Reconocimientos -- Introducción -- Antecedentes -- Desarrollo de los trabajos -- Áreas del establecimiento humano -- Playa Grande, Corte – 1 -- Playa Grande, Corte – 2 -- Playa Grande, Corte -- Playa Grande, Corte – 4 -- Playa Grande, Corte – 5 -- Playa Grande, Corte – 6 -- Playa Grande, Corte – 7 -- Playa Grande, Corte 7 (A-H) -- Playa Grande, Corte 8 -- Estudio estratigráfico de los Cortes 7 y 7 (A-H) -- Gráficos estadísticos de los materiales y los tipos -- Conclusiones de las excavaciones -- Herramientas obtenidas durante las excavaciones -- Producción de hachas de jadeíta -- Tipos cerámicos --Objetos con connotaciones rituales -- Objetos importados – Bibliografía. 1 aScheker Ortiz, Luis, epresent. 0aPublicaciones de la Academia de Ciencias de la República Dominicana